000 01069cam a22002774a 4500
001 12085399
005 20180129072143.0
008 000629s2001 flua b 001 0 eng
010 _a 00058393
020 _a0929895428
040 _aDLC
_cDLC
_dDLC
041 _aeng
042 _apcc
043 _an-us---
080 _a372.623044 sus
082 0 0 _a372.623044 sus
_221
100 1 _a46
101 _aedu
245 1 4 _aThe roadmap to schoolwide writing success /
_cSusan A. Miller, Margaret Conrad Nickell.
246 3 _aRoad map to schoolwide writing success
246 0 _iSubtitle on cover:
_aGuidebook for K-8 administrators
504 _aIncludes bibliographical references (p. 83-84) and index.
906 _a7
_bcbc
_corignew
_d1
_eocip
_f20
_gy-gencatlg
942 _2ddc
_cBK
999 _c41159
_d41159